[Event "Fall Chess Classic-A 2018"]
[Site "Saint Louis"]
[Date "2018.10.10"]
[Round "1"]
[White "Swiercz, Dariusz"]
[Black "Sethuraman, S.P."]
[Result "1/2-1/2"]
[WhiteElo "2656"]
[BlackElo "2673"]
[Annotator "TA"]
[PlyCount "181"]
[EventDate "2018.10.10"]
[EventType "tourn"]
[EventCountry "USA"]
[SourceTitle "playchess.com"]
[Source "ChessBase"]
[SourceQuality "1"]

{[%evp 18,181,17,8,10,3,23,14,15,8,9,15,31,0,8,7,8,15,12,-3,-1,-1,-1,-4,0,0,0,-5,75,0,71,70,76,76,76,76,76,77,77,77,77,75,76,75,76,63,131,137,168,155,164,162,164,137,129,130,157,154,150,0,83,0,146,120,137,162,145,131,141,131,125,124,158,134,253,253,249,245,289,272,204,250,611,599,591,582,568,529,493,0,184,0,421,421,582,209,216,208,202,168,400,366,216,331,574,552,396,8,8,8,8,8,15,13,30,8,8,8,8,8,8,8,8,8,8,8,8,8,8,0,8,8,8,8,8,8,8,8,8,8,8,8,8,8,8,8,8,8,8,8,8,8,8,8,8,8,8,8,8,8,8,8,8,8,8,8]} 1. d4 Nf6 2. c4 e6 3. g3 d5 4. Bg2 dxc4 5. Nf3 c5 6. O-O Nc6 7. dxc5 Qxd1 8. Rxd1 Bxc5 9. Nbd2 c3 10. bxc3 O-O {E04: Open Catalan: 5 Nf3} 11. Ne1 {[%cal Bf3e1,Be1c2,Bc2a3,Ba3b5,Bb5d6][%mdl 32]} Be7 12. Nc2 $146 ({Predecessor:} 12. Nd3 Bd7 13. Nb3 b6 14. c4 Rfd8 15. Bb2 Rac8 16. Rac1 Nb4 17. Nxb4 Bxb4 18. Bb7 {1-0 (38) Le,Q (2737)-Harikrishna,P (2744) Huaian 2017}) 12... Bd7 13. Ba3 Bxa3 14. Nxa3 Rfd8 15. Nb3 Be8 16. Nb5 Rac8 17. Nd6 Rc7 18. Nxb7 Rxd1+ 19. Rxd1 Rxb7 20. Bxc6 $1 Bxc6 21. Na5 $1 Rc7 22. Nxc6 $11 {[%mdl 4096] Endgame Threatening mate with Rd8+. KRN-KRN} Kf8 (22... g5 $11 23. Ne5 Rxc3) 23. Rd8+ $16 Ne8 24. Nd4 $1 Ke7 25. Ra8 $1 Nd6 26. Rxa7 Rxa7 27. Nc6+ Kd7 28. Nxa7 {KN-KN} Kc7 {Threatens to win with ...Kb6.} 29. c4 $1 Nxc4 30. Nb5+ Kc6 31. Nc3 f5 ({Better is} 31... Nd2 $14) 32. e4 $1 Kc5 33. exf5 exf5 34. Kg2 g5 35. Kf3 Kd4 36. Nb5+ Kc5 37. Nc7 $1 {[%cal Rc7e6] aiming for Ne6+.} Kd6 38. Nb5+ (38. Na6 $142 $1) 38... Kc5 $1 {[%cal Rc5b5]} 39. Nc7 (39. Na7 $142) 39... Kd6 $1 {[%cal Rd6c7]} 40. Na6 $1 Ke5 41. Nc5 Kd5 42. Nb3 Nb2 43. Nd2 h6 44. Nf1 Ke5 45. Ne3 Na4 (45... h5 $16 46. Ke2 g4) 46. g4 $1 $18 f4 47. Nf5 Nc3 48. a3 ({Don't take} 48. Nxh6 $6 Nxa2 49. Nf5 Nc3 $18) 48... h5 49. Nh6 hxg4+ $2 (49... h4 50. Nf7+ Kf6) 50. Kxg4 Kf6 51. Ng8+ Kg6 52. Ne7+ Kf6 53. Ng8+ $2 (53. Nc6 $1 {[%cal Rc6b4]} Nd1 54. a4 Nxf2+ 55. Kf3) 53... Kg6 $1 54. Ne7+ $2 (54. f3 $1) 54... Kf6 55. Nc6 $1 {[%cal Rc6b4]} Nd1 56. Kf3 $2 (56. a4) 56... Nc3 57. h3 Kf5 58. Nd4+ Ke5 $2 (58... Kg6 59. Kg4 Ne4) 59. Ne2 Ne4 {[#]} 60. Ng1 $1 Nc5 $2 {[#]} (60... Kf5 61. a4 Nd2+ 62. Ke2 Nb3) 61. Kg4 $1 Kf6 62. h4 $2 ({White must play} 62. Nf3 $18) 62... gxh4 $11 63. Kxf4 {Black must now prevent Kg4.} Nd3+ 64. Ke3 Ne5 65. Ke4 {And now a4 would win.} Ke6 66. Nh3 {With the idea a4.} Nc4 {The position is equal.} 67. a4 Kd6 68. Kd4 Nb6 69. a5 Nd7 70. f4 Kc6 71. Kc4 Nc5 72. Kb4 Nd3+ 73. Kc4 Nc5 74. Ng5 Nb7 75. Kb4 (75. a6 {feels hotter.} Nd6+ 76. Kd3 Kb6 77. a7 Kxa7 78. Kd4) 75... Nd6 76. Nh3 Nf5 77. Kc4 Nd6+ 78. Kd4 Kb5 79. Ke5 Nc4+ 80. Kd5 {Strongly threatening a6!} Ne3+ 81. Ke4 Nc4 82. Kf3 Kxa5 83. f5 Kb5 84. f6 Kc6 85. Kg4 Kd7 86. Ng5 Nd6 87. Kxh4 Ne8 88. f7 Ke7 89. Kh5 Nd6 90. Kg6 Nxf7 $1 91. Nxf7 {Precision: White = 66%, Black = 62%.} 1/2-1/2

[Event "Fall Chess Classic-A 2018"]
[Site "Saint Louis"]
[Date "2018.10.10"]
[Round "1"]
[White "Kuzubov, Yuriy"]
[Black "Lenderman, Aleksandr"]
[Result "1/2-1/2"]
[WhiteElo "2655"]
[BlackElo "2626"]
[Annotator "TA"]
[PlyCount "133"]
[EventDate "2018.10.10"]
[EventType "tourn"]
[EventCountry "USA"]
[SourceTitle "playchess.com"]
[Source "ChessBase"]
[SourceQuality "1"]

{[%evp 16,133,15,10,22,2,1,0,3,0,15,23,10,10,13,8,12,9,9,9,9,13,32,0,10,8,36,33,26,34,43,31,33,33,39,31,46,34,37,37,20,13,15,12,12,12,45,46,76,72,79,61,56,0,75,42,41,44,40,0,38,26,31,0,0,0,29,13,51,53,46,39,47,18,25,8,14,12,18,5,5,5,5,5,5,0,0,0,0,0,5,0,0,0,0,0,0,0,0,0,0,0,0,0,0,0,0,0,0,0,0,0,8,8,8,0,8,8,8,0]} 1. d4 Nf6 2. c4 e6 3. Nf3 d5 4. g3 Be7 5. Bg2 O-O 6. O-O dxc4 7. Qc2 a6 8. a4 c5 9. dxc5 Bxc5 {E05: Open Catalan: 5 Nf3 Be7} 10. Qxc4 (10. Nbd2 b5 11. Ng5 Ra7 12. Nde4 Nxe4 13. Qxe4 g6 14. axb5 axb5 15. Qh4 h5 16. Rxa7 Bxa7 17. g4 {0-1 (50) So,W (2780)-Dominguez Perez,L (2739) Saint Louis 2018}) 10... b6 11. Ne5 Ra7 $1 12. Nd3 Be7 13. Bf4 Bb7 14. Bxb7 Rxb7 15. Nd2 b5 16. axb5 axb5 17. Qc2 {[#]} Nd5 $146 18. Nf3 Nd7 19. Rfc1 {[%cal Bf1c1,Bc1c6,Bc6a6][%mdl 32]} Qb6 20. Qc6 h6 21. Bd2 Qxc6 22. Rxc6 Rd8 23. Kf1 Bf6 24. Rac1 Kh7 25. Ra6 N5b6 26. Ba5 Rc8 27. Rxc8 Nxc8 28. e4 Ra7 29. Rxa7 Nxa7 30. e5 Be7 31. Nd4 Nc5 32. Ke2 Na6 33. Bb6 Nc8 34. Ba5 Na7 $1 35. Kd2 Kg8 36. Bb6 Nc8 37. Ba5 Na7 $1 38. Kc3 Kf8 39. Bb6 Nc8 40. Ba5 Na7 $1 41. b4 Ke8 42. Bb6 Nc8 43. Bc5 {Bxe7 is the strong threat.} Bxc5 44. Nxc5 $14 {[%mdl 4096] Endgame KNN-KNN} (44. bxc5 {is more complex.} Na7 45. f3 Kd8 46. f4 g6 47. g4) 44... Nc7 $1 45. Nc6 Nb6 {The position is equal.} 46. Kd4 Nbd5 47. f4 h5 48. Ke4 Nc3+ 49. Kd3 N3d5 50. Kd4 h4 51. Ke4 hxg3 52. hxg3 Ne7 53. Nxe7 (53. Na7 {is interesting.} Ned5 54. Nd3 Ke7 55. Nc6+ Kd7 56. Nd4) 53... Kxe7 $11 {KN-KN} 54. Kd4 f5 55. exf6+ gxf6 56. Nd3 {Black should prevent Kc5.} Kd6 57. g4 Nd5 58. g5 fxg5 59. fxg5 Ne7 60. Nc5 {[#] Black must now prevent Ne4+.} Nc6+ 61. Kc3 Ke5 62. g6 Kf6 {[#]} 63. g7 $1 {[%mdl 512]} Kxg7 64. Nxe6+ Kf6 65. Nd4 Nxb4 66. Kxb4 Ke5 67. Kxb5 {Precision: White = 53%, Black = 69%.} 1/2-1/2

[Event "Fall Chess Classic-A 2018"]
[Site "Saint Louis"]
[Date "2018.10.10"]
[Round "1"]
[White "Dreev, Aleksey"]
[Black "Bruzon Batista, Lazaro"]
[Result "1-0"]
[WhiteElo "2649"]
[BlackElo "2653"]
[Annotator "ChessBase"]
[PlyCount "145"]
[EventDate "2018.10.10"]
[EventType "tourn"]
[EventCountry "USA"]
[SourceTitle "playchess.com"]
[Source "ChessBase"]
[SourceQuality "1"]
[TimeControl "40/5400+30:1800+30"]

1. d4 {[%emt 0:00:00]} Nf6 {[%emt 0:00:00]} 2. Nf3 {[%emt 0:00:00]} e6 {[%emt 0:00:00]} 3. c4 {[%emt 0:00:00]} b6 {[%emt 0:00:00]} 4. a3 {[%emt 0:00:33]} Bb7 {[%emt 0:00:06]} 5. Nc3 {[%emt 0:00:11]} d5 {[%emt 0:00:10]} 6. cxd5 {[%emt 0:06:12]} Nxd5 {[%emt 0:00:19]} 7. Qc2 {[%emt 0:00:35]} Be7 {[%emt 0:03:41]} 8. Bd2 {[%emt 0:01:10]} Nxc3 {[%emt 0:01:51]} 9. Bxc3 {[%emt 0:00:52]} Qd5 {[%emt 0:00:32]} 10. e3 {[%emt 0:14:30]} Nd7 {[%emt 0:01:22]} 11. Bd3 {[%emt 0:01:42]} Qh5 {[%emt 0:00:18]} 12. Be2 {[%emt 0:18:53]} Qf5 {[%emt 0:11:02]} 13. Qxf5 {[%emt 0:09:06]} exf5 {[%emt 0:00:04]} 14. O-O {[%emt 0:00:06]} O-O {[%emt 0:01:17]} 15. Rfd1 {[%emt 0:00:34]} Rfd8 {[%emt 0:05:17]} 16. Rac1 {[%emt 0:00:36]} Rac8 {[%emt 0:09:36]} 17. Bc4 {[%emt 0:01:07]} Kf8 {[%emt 0:01:26]} 18. h3 {[%emt 0:07:59]} c5 {[%emt 0:04:50]} 19. Ba2 {[%emt 0:05:52]} g6 {[%emt 0:13:43]} 20. dxc5 {[%emt 0:00:58]} Nxc5 {[%emt 0:01:21]} 21. Rxd8+ {[%emt 0:00:36]} Rxd8 {[%emt 0:00:12]} 22. Ne5 {[%emt 0:04:22]} f6 {[%emt 0:10:34]} 23. Nf3 {[%emt 0:00:23]} Bd5 {[%emt 0:05:02]} 24. Bxd5 {[%emt 0:00:28]} Rxd5 {[%emt 0:00:02]} 25. Nd4 {[%emt 0:01:36]} f4 {[%emt 0:05:42]} 26. b4 {[%emt 0:02:26]} Ne4 {[%emt 0:07:27]} 27. Ne6+ {[%emt 0:00:44]} Kf7 {[%emt 0:00:03]} 28. Nxf4 {[%emt 0:00:13]} Nxc3 {[%emt 0:00:10]} 29. Rxc3 {[%emt 0:01:01]} Rd1+ {[%emt 0:00:29]} 30. Kh2 {[%emt 0:00:06]} Rd2 {[%emt 0:00:58]} 31. Kg3 {[%emt 0:06:57]} g5 {[%emt 0:06:50]} 32. Nd3 {[%emt 0:00:30]} Ke6 {[%emt 0:00:47]} 33. Kf3 {[%emt 0:01:34]} Kd5 {[%emt 0:03:39]} 34. g4 {[%emt 0:04:40]} a6 {[%emt 0:01:21]} 35. Nc1 {[%emt 0:00:50]} Bd6 {[%emt 0:01:56]} 36. Rc8 {[%emt 0:03:06]} Rd1 {[%emt 0:02:18]} 37. Ne2 {[%emt 0:01:15]} Rh1 {[%emt 0:01:57]} 38. Nc3+ {[%emt 0:04:22]} Ke6 {[%emt 0:00:06]} 39. Ke2 {[%emt 0:00:21]} Ra1 {[%emt 0:02:17]} 40. Rc6 {[%emt 0:00:00]} Rxa3 {[%emt 0:00:00]} 41. Ne4 {[%emt 0:06:37]} Kd5 {[%emt 0:00:42]} 42. Rxd6+ {[%emt 0:00:35]} Kxe4 {[%emt 0:00:05]} 43. Rxb6 {[%emt 0:01:30]} Ra2+ {[%emt 0:03:30]} 44. Kf1 {[%emt 0:00:12]} Ke5 {[%emt 0:06:02]} 45. Kg2 {[%emt 0:01:16]} Ra1 {[%emt 0:08:04]} 46. f4+ {[%emt 0:12:06]} gxf4 {[%emt 0:00:36]} 47. exf4+ {[%emt 0:00:08]} Kxf4 {[%emt 0:02:34]} 48. Rxf6+ {[%emt 0:00:10]} Kg5 {[%emt 0:01:41]} 49. Rf5+ {[%emt 0:00:21]} Kg6 {[%emt 0:00:11]} 50. Ra5 {[%emt 0:00:09]} Rb1 {[%emt 0:00:08]} 51. Rxa6+ {[%emt 0:00:06]} Kg5 {[%emt 0:00:03]} 52. Ra5+ {[%emt 0:00:09]} Kg6 {[%emt 0:00:06]} 53. Rb5 {[%emt 0:00:28]} Rb2+ {[%emt 0:04:20]} 54. Kg3 {[%emt 0:01:04]} Rb3+ {[%emt 0:00:03]} 55. Kh4 {[%emt 0:00:25]} h6 {[%emt 0:02:02]} 56. Rb6+ {[%emt 0:00:58]} Kh7 {[%emt 0:00:47]} 57. Rb8 {[%emt 0:06:17]} Kg6 {[%emt 0:00:31]} 58. Rb7 {[%emt 0:01:17]} Kf6 {[%emt 0:02:22]} 59. Rb6+ {[%emt 0:00:13]} Kg7 {[%emt 0:00:09]} 60. b5 {[%emt 0:00:05]} Kh7 {[%emt 0:01:41]} 61. g5 {[%emt 0:01:00]} hxg5+ {[%emt 0:00:04]} 62. Kxg5 {[%emt 0:00:05]} Rxh3 {[%emt 0:00:44]} 63. Rb7+ {[%emt 0:01:50]} Kg8 {[%emt 0:00:15]} 64. b6 {[%emt 0:00:38]} Rb3 {[%emt 0:02:27]} 65. Kf6 {[%emt 0:00:32]} Rb1 {[%emt 0:00:03]} 66. Rb8+ {[%emt 0:01:06]} Kh7 {[%emt 0:00:05]} 67. Ke6 {[%emt 0:00:43]} Kg7 {[%emt 0:00:06]} 68. Kd6 {[%emt 0:00:43]} Kf7 {[%emt 0:00:18]} 69. Kc6 {[%emt 0:00:26]} Ke7 {[%emt 0:00:15]} 70. Rh8 {[%emt 0:00:38]} Rc1+ {[%emt 0:00:46]} 71. Kd5 {[%emt 0:02:59]} Rd1+ {[%emt 0:02:57]} 72. Ke5 {[%emt 0:00:58]} Re1+ {[%emt 0:01:40]} 73. Kf4 {[%emt 0:01:13]} 1-0

[Event "Fall Chess Classic-A 2018"]
[Site "Saint Louis"]
[Date "2018.10.10"]
[Round "1"]
[White "Akobian, Varuzhan"]
[Black "Robson, Ray"]
[Result "1/2-1/2"]
[WhiteElo "2641"]
[BlackElo "2682"]
[Annotator "TA"]
[PlyCount "60"]
[EventDate "2018.10.10"]
[EventType "tourn"]
[EventCountry "USA"]
[SourceTitle "playchess.com"]
[Source "ChessBase"]
[SourceQuality "1"]

{[%evp 9,60,21,13,32,46,21,34,23,31,26,32,25,44,-13,-8,-21,0,0,0,0,0,0,15,0,0,0,0,0,0,-4,0,0,0,0,0,0,0,0,0,0,0,0,0,0,0,0,0,0,0,0,0,0,0]} 1. d4 Nf6 2. c4 g6 3. Nc3 d5 4. Bg5 Bg7 (4... Ne4 5. Bf4 Bg7 6. Nxd5 Na6 7. Nc3 Nxc3 8. bxc3 c5 9. e3 O-O 10. Nf3 Qa5 11. Qd2 Rd8 12. Be2 Bg4 13. Bg3 {0-1 (77) Lenderman,A (2630)-Vachier Lagrave,M (2780) chess.com INT 2018}) 5. Bxf6 Bxf6 6. cxd5 {D80: Grünfeld: Unusual White 4th moves and 4 Bg5} c5 7. dxc5 Nd7 8. e3 {White is slightly better.} O-O 9. Bc4 Nxc5 10. Nge2 Qb6 11. Bb3 (11. Qd2 $14) 11... Rd8 $146 {The position is equal.} ({Predecessor:} 11... Bg4 12. O-O Bxe2 13. Nxe2 Bxb2 {½-½ (72) Margvelashvili,G (2530)-Izoria,Z (2599) chess.com INT 2018}) 12. Nd4 Qb4 13. O-O Bxd4 14. exd4 Nxb3 15. axb3 b5 16. Qe2 Bb7 17. Qxb5 Qxb5 18. Nxb5 Bxd5 19. Nc7 Rab8 20. Nxd5 Rxd5 21. Rxa7 Rxb3 22. Rxe7 Rxb2 $11 {[%mdl 4096] Endgame KRR-KRR} 23. Re4 Rd2 24. g3 Kg7 25. Rfe1 R5xd4 26. Rxd4 Rxd4 27. h4 h5 28. Kg2 Ra4 29. Re3 Rb4 30. Kf3 Rb2 {Precision: White = 81%, Black = 86%.} 1/2-1/2

[Event "Fall Chess Classic-A 2018"]
[Site "Saint Louis"]
[Date "2018.10.11"]
[Round "2"]
[White "Robson, Ray"]
[Black "Kuzubov, Yuriy"]
[Result "0-1"]
[WhiteElo "2682"]
[BlackElo "2655"]
[Annotator "TA"]
[PlyCount "58"]
[EventDate "2018.10.10"]
[EventType "tourn"]
[EventCountry "USA"]
[SourceTitle "playchess.com"]
[Source "ChessBase"]
[SourceQuality "1"]

{[%evp 10,58,0,-1,15,16,8,13,27,2,27,6,-15,1,5,-21,-15,-126,-131,-191,-188,-203,-203,-193,-200,-189,-154,-208,-210,-202,-206,-204,-173,-266,-254,-254,-256,-250,-247,-257,-255,-254,-254,-237,-245,-288,-276,-385,-375,-495,-489]} 1. e4 e5 2. Nf3 Nf6 3. Nxe5 d6 4. Nc4 Nxe4 5. Qe2 Qe7 6. Ne3 {Threatens to win with Nd5.} c6 {C42: Petroff Defence: 3 Nxe5 and unusual White 3rd moves} 7. b3 d5 8. Bb2 Na6 $146 {The position is equal.} ({Predecessor:} 8... Be6 9. g3 Nd7 10. Bg2 Ndf6 11. c4 dxc4 12. bxc4 Qb4 13. Bc3 Nxc3 14. Nxc3 {1-0 (27) Wei,Y (2734)-Ye,R (2461) Tianjin 2018}) 9. g3 Be6 10. Bg2 O-O-O 11. c4 Nf6 12. cxd5 Bxd5 13. Bxf6 (13. Bxd5 $11 {remains equal.} Nxd5 14. O-O) 13... Qxf6 $17 14. Nxd5 (14. Nc3 $17 Bxg2 15. Nxg2) 14... Qxa1 $19 15. Ndc3 Nc7 {aiming for ...Re8.} 16. O-O Qb2 17. Qc4 Be7 18. d4 {[#]} (18. Qxf7 $17 Bf6 19. Ne4) 18... Kb8 $1 19. Rd1 Rhe8 20. Bf3 Bf6 21. Na4 (21. Kg2 {was called for.}) 21... Qa1 22. Nac3 Ne6 23. d5 {[#]} cxd5 $1 24. Nxd5 Qxa2 25. Nd2 {intending Nb4.} Qa6 26. Qxa6 bxa6 {[%cal Bb7a6,Ba6a5][%mdl 32]} 27. Nb4 Rd6 {Hoping for ...Bc3.} 28. Kg2 {White hopes to continue with Rc1.} Red8 29. Rc1 a5 {Precision: White = 48%, Black = 80%.} 0-1

[Event "Fall Chess Classic-A 2018"]
[Site "Saint Louis"]
[Date "2018.10.11"]
[Round "2"]
[White "Sethuraman, S.P."]
[Black "Akobian, Varuzhan"]
[Result "1-0"]
[WhiteElo "2673"]
[BlackElo "2641"]
[Annotator "TA"]
[PlyCount "125"]
[EventDate "2018.10.10"]
[EventType "tourn"]
[EventCountry "USA"]
[SourceTitle "playchess.com"]
[Source "ChessBase"]
[SourceQuality "1"]

{[%evp 23,125,60,106,118,104,104,98,93,163,162,164,172,170,177,187,177,173,170,181,184,177,171,183,177,181,174,219,209,241,237,308,288,334,349,358,354,379,370,394,394,394,394,418,419,417,391,395,297,425,419,410,296,408,395,423,434,415,446,435,417,611,605,587,597,668,660,822,820,787,750,742,726,699,1096,1087,850,1167,1042,854,828,1157,596,934,1170,792,940,1164,856,29979,29980,29981,29981,29981,29983,29983,29984,29986,29987,29987,29988,29988,29989,29989,29990]} 1. e4 d5 2. exd5 Qxd5 3. Nc3 Qa5 4. d4 Nf6 5. Bc4 c6 6. Bd2 Qc7 7. Nf3 Bg4 8. h3 Bxf3 9. Qxf3 e6 10. O-O-O Nbd7 11. g4 {[%cal Bg2g4,Bg4g5][%mdl 32]} Nb6 12. Bb3 O-O-O 13. g5 {B01: Scandinavian Defence} Ne8 14. Ne4 Nd6 15. Bf4 {aiming for c4!White is better.} Nd5 (15... Qd7 $16 {keeps fighting.}) 16. Be5 $18 {And now c4 would win.} Qd7 17. Nxd6+ Bxd6 18. c4 $1 {[%cal Rc4d5]} ({And not} 18. Bxg7 Rhg8 $11) 18... Nc7 19. Bxg7 Rhg8 20. Bf6 $36 {[%mdl 2048] Keeping Black busy.} Be7 21. Bc2 $146 Bxf6 22. Qxf6 Ne8 23. Qe5 Nd6 24. b3 ({Worse is} 24. Bxh7 f6 $17) 24... Rh8 25. h4 {[%cal Bh3h4,Bh4h5][%mdl 32]} h6 26. f4 Rde8 27. h5 Qe7 28. g6 f6 29. Qe3 Qc7 30. Kb1 Nf5 31. Qf2 Ng7 32. d5 {Hoping for d6.} exd5 33. Qxa7 dxc4 34. Qa8+ Qb8 35. Qxb8+ Kxb8 36. Rd7 Rhg8 37. Rf7 c3 38. Rxf6 Re2 39. f5 Ne8 40. Rf7 Nd6 41. Rd7 $1 {[%cal Rd7d6]} Nb5 (41... Ne8 $142 42. Rh7 Rg2) 42. Bd3 Rf2 43. Rc1 Na3+ 44. Ka1 Re8 {[#]} 45. g7 $1 Ka7 {[#]} 46. Re7 $1 {[%mdl 512]} Nc2+ (46... Rxe7 47. g8=Q) 47. Bxc2 Rxc2 48. Rxc2 (48. Rg1 $142 Rd8 {[#]} 49. Rd7 $3 {[%mdl 512]}) 48... Rxe7 49. Rxc3 Rxg7 {[%mdl 4096] Endgame KR-KR} 50. Rf3 Kb6 51. Kb2 Kc5 52. f6 Rf7 53. Kc3 Kd5 54. a4 Ke5 55. Kc4 Rxf6 56. Rxf6 {White mates.} Kxf6 {K3P-K3P} 57. Kc5 Kg5 58. Kb6 Kxh5 59. a5 Kg5 60. Kxb7 h5 61. a6 h4 62. a7 h3 63. a8=Q {Precision: White = 98%, Black = 45%.} 1-0

[Event "Fall Chess Classic-A 2018"]
[Site "Saint Louis"]
[Date "2018.10.11"]
[Round "2"]
[White "Hammer, Jon Ludvig"]
[Black "Dreev, Aleksey"]
[Result "1/2-1/2"]
[WhiteElo "2662"]
[BlackElo "2649"]
[Annotator "TA"]
[PlyCount "105"]
[EventDate "2018.10.10"]
[EventType "tourn"]
[EventCountry "USA"]
[SourceTitle "playchess.com"]
[Source "ChessBase"]
[SourceQuality "1"]

{[%evp 17,105,10,3,-20,-29,-48,-53,-56,-11,-13,-23,-112,-97,-194,-204,-202,-201,-206,-196,-243,-236,-238,-231,-236,-223,-229,-243,-237,-227,-265,-252,-877,-375,-372,-355,-379,-348,-360,-348,-576,-596,-584,-590,-585,-582,-581,-580,-556,-515,-553,-533,-543,-540,-535,-531,-625,-507,-605,-319,-297,-227,-210,-209,-450,-68,-66,-72,-54,-64,-77,-74,-84,-52,-50,-2,-2,0,0,0,0,0,0,0,0,0,0,0,0,0,0]} 1. e4 c6 2. d4 d5 3. e5 Bf5 4. Nd2 e6 5. Nb3 c5 (5... Nd7 6. Nf3 Ne7 7. Be2 Ng6 8. O-O f6 9. c4 dxc4 10. Bxc4 fxe5 11. Ng5 Qf6 12. g4 Nf4 13. Bxf4 exf4 14. Nxe6 Bxe6 15. Bxe6 {½-½ (46) Grischuk,A (2766)-Mamedyarov,S (2808) Paris 2018}) 6. dxc5 {B12: Caro-Kann: Advance Variation} Bxc5 7. Nxc5 Qa5+ 8. c3 Qxc5 9. Nf3 Qc7 {LiveBook: 7 Games} 10. Nd4 $146 ({Predecessor:} 10. Bd3 Bxd3 11. Qxd3 Nc6 12. O-O Nge7 13. Bf4 {0-1 (38) Weichhold,P (2428)-Socko,B (2583) Poland 2017}) 10... Qxe5+ 11. Be3 Ne7 12. Qb3 Qc7 13. Nb5 (13. Nxf5 Nxf5 14. Bb5+ Nc6 $17) 13... Qd7 14. Bf4 (14. Bxa7 $11 {keeps the balance.} O-O 15. Be2) 14... O-O $17 15. Nc7 {[#]} (15. Nd6 $17 {might work better.}) 15... e5 $1 $19 {[%mdl 512]} 16. Bxe5 Nbc6 17. Bg3 Rac8 $1 18. Qxb7 Rb8 19. Qa6 Rxb2 {Threatens to win with ...Rfb8.} 20. Bb5 Rc8 21. Qa3 {[#]} Rxb5 $1 {[%mdl 512]} 22. Nxb5 {Strongly threatening 0-0.} Qe6+ 23. Kd2 Qe4 24. Rhb1 $2 (24. Nd6 Qc2+ 25. Ke1 Bd3 $1 {[%mdl 512]} 26. Qb2 Qxb2 27. Kd1 Qe2+ 28. Kc1 Qc2#) (24. Qb2 Na5 25. Nd6 Nc4+ 26. Nxc4 Qxc4 27. Rhd1) 24... h5 (24... Ne5 $142 25. Bxe5 Qxe5) 25. Rb2 {Black should prevent Nd6.} h4 26. Nd6 Qd3+ 27. Ke1 {[#]} h3 $1 {[%cal Rh3g2][%mdl 512]} 28. Rd2 $2 {[#]} (28. gxh3 $2 Nd4 $1 $19 {[%mdl 512]}) (28. Rd1 Qxd1+ 29. Kxd1 hxg2 30. Nxc8 g1=Q+ 31. Kd2 Bxc8 32. Qa4) 28... hxg2 $1 {[%cal Rg2g1][%mdl 512]} 29. Rxd3 g1=Q+ 30. Kd2 Qxa1 31. Nxc8 Nxc8 32. Rxd5 Nb6 33. Rc5 Qf1 34. Qb3 Qd3+ 35. Kc1 Qe4 36. Qd1 Qb1+ 37. Kd2 Qxa2+ 38. Ke1 Qe6+ 39. Qe2 {[#] Hoping for Qxe6.} Be4 $1 40. Bc7 $2 (40. f3 {keeps fighting.} Bxf3 41. Qxe6 fxe6 42. Bc7) 40... Nd5 $2 {[#]} (40... Nd7 $19 41. Rc4 f5) 41. f3 $1 $15 {[%mdl 512] [#]} Nxc3 $1 {[%mdl 512]} (41... Bxf3 42. Qxe6) 42. Rxc3 Nd4 $1 {[%csl LRe2,LRf3]} 43. Qe3 Nxf3+ 44. Kf2 Qf6 45. Bf4 {Rc8+ is the strong threat.} Qg6 {( -> ...Qg1+)} 46. Bg3 $1 {The position is equal.} a6 47. Qf4 $36 {[%mdl 2048] White has the initiative.} Qb6+ 48. Re3 $1 Qb2+ 49. Re2 Qd4+ 50. Qe3 Qf6 {aiming for ...g5.} 51. Qf4 ({Wrong is} 51. Qxe4 $2 Ng5+ 52. Qf4 Nh3+ 53. Ke3 Nxf4 $19) 51... Qd4+ 52. Qe3 Qf6 {White must now prevent ...g5.} 53. Qf4 {Precision: White = 53%, Black = 59%.} ({Don't blunder} 53. Qxe4 $2 Ng5+ 54. Kg1 Nxe4 $19) 1/2-1/2

[Event "Fall Chess Classic-A 2018"]
[Site "Saint Louis"]
[Date "2018.10.11"]
[Round "2"]
[White "Bruzon Batista, Lazaro"]
[Black "Swiercz, Dariusz"]
[Result "1-0"]
[WhiteElo "2653"]
[BlackElo "2656"]
[Annotator "TA"]
[PlyCount "83"]
[EventDate "2018.10.10"]
[EventType "tourn"]
[EventCountry "USA"]
[SourceTitle "playchess.com"]
[Source "ChessBase"]
[SourceQuality "1"]

{[%evp 15,83,0,0,-10,0,-12,-11,-9,-13,-12,-17,-4,-11,0,66,72,74,72,72,67,72,79,72,74,77,71,64,83,81,85,82,85,81,79,84,82,92,95,102,103,159,157,159,145,161,113,107,116,246,244,245,240,237,230,234,234,466,447,491,497,486,489,860,854,812,512,29985,29986,29991,29992]} 1. Nf3 {Stohl,I} c5 2. c4 Nc6 {[%cal Bb8c6,Bc6e5,Be5g6][%mdl 32]} 3. d4 cxd4 4. Nxd4 Nf6 5. Nc3 e6 6. g3 Qb6 7. Nb3 Ne5 8. e4 Bb4 {[#] LiveBook: 323 Partien. Und ...Sxe4 würde nun gewinnen. A33: Englische Eröffnung (Symmetrische Variante)} 9. c5 $1 {[%mdl 512]} Qc6 {zielt auf ...Dxe4+ ab.} (9... Bxc5 10. Nxc5) 10. f3 b6 {und nun wäre ...Sxe4! stark für Schwarz.Die Stellung ist ausgeglichen.} 11. Bf4 Ng6 12. Bd6 bxc5 13. a3 $132 {[%mdl 2048] Weiss puts up resistance} Bxc3+ $1 14. bxc3 {[#] Weiss will Sa5 spielen.} Ba6 $146 (14... a5 $1 $11 15. Nxc5 Nd5) ({Vorgänger:} 14... a5 15. e5 Nd5 16. Bd3 {0-1 (55) Morozevich,A (2758)-Topalov,V (2771) Zug 2013 CBM 154 [Stohl,I]}) 15. Bxa6 $14 Qxa6 16. Nxc5 Qc6 17. Qd4 Nd5 18. exd5 Qxd6 19. dxe6 Qxd4 20. exf7+ ({Ein No Go ist} 20. cxd4 $6 dxe6 21. Ke2 O-O $11) 20... Kxf7 21. cxd4 Rab8 22. O-O d6 23. Ne4 d5 24. Ng5+ Kf6 25. f4 {[%cal Bf3f4,Bf4f5][%mdl 32]} h6 26. Nf3 Rhc8 27. f5 Ne7 (27... Nf8 $142) 28. Rae1 $16 Rb6 29. Ne5 {[#] Und weiter mit Sd7+ wäre nett.} Rc7 30. Re2 h5 31. Nd3 Rc4 (31... Rd6 $16 {war nötig.}) 32. Nc5 $18 Rd6 33. Re6+ Rxe6 34. fxe6+ {[%mdl 4096] Endspiel KTS-KTS} Kg6 35. Rf7 Nc6 $2 (35... Ng8 {ist wohl besser.} 36. Nd3 (36. Rxa7 Rxd4 37. Rf7 Rd2 $18) 36... Rxd4) 36. Nd3 Rxd4 37. Nf4+ Kh6 38. Rc7 Na5 (38... Rc4 $142 39. Nxd5 g5) 39. e7 Re4 40. Rxa7 {Ta6+ ist eine echte Drohung.} Nc4 (40... Nc6 $18) 41. Ra6+ Kh7 42. Ne6 {Precision: Weiß = 86%, Schwarz = 47%.} 1-0